| 000 | 00499nam a2200193 a 4500 | ||
|---|---|---|---|
| 001 | 1859 | ||
| 003 | CDMR | ||
| 005 | 20131203131704.0 | ||
| 008 | 130130r19561967||||||||||||||||||||||||d | ||
| 040 |
_aCDMR _bcat _cCDMR |
||
| 100 | 1 |
_aSauvy, Alfred _91388 |
|
| 245 | 1 | 0 |
_aL'opinion publique _cpar Alfred Sauvy |
| 250 | _a5ème ed. | ||
| 260 |
_aParis _c1967 _bPresses Universitaires de France |
||
| 300 | _a126 p. | ||
| 490 | 0 |
_aQue sais-je? _v701 |
|
| 650 |
_92537 _aOpinió pública |
||
| 942 |
_cMON _2udc |
||
| 999 |
_c1859 _d1859 |
||